Robert Morrison (Record no. 1821)

MARC details
000 -LEADER
fixed length control field 00341nam a22001457a 4500
003 - CONTROL NUMBER IDENTIFIER
control field OSt
005 - DATE AND TIME OF LATEST TRANSACTION
control field 20160727222454.0
008 - FIXED-LENGTH DATA ELEMENTS--GENERAL INFORMATION
fixed length control field 160705b xxu||||| |||| 00| 0 eng d
040 ## - CATALOGING SOURCE
Transcribing agency TEST
100 ## - MAIN ENTRY--PERSONAL NAME
9 (RLIN) 2127
Personal name Matthewman, P
245 ## - TITLE STATEMENT
Title Robert Morrison
260 ## - PUBLICATION, DISTRIBUTION, ETC. (IMPRINT)
Place of publication, distribution, etc. Michigan
Name of publisher, distributor, etc. Zondervan
Date of publication, distribution, etc. 1957
300 ## - PHYSICAL DESCRIPTION
Extent Robert Morrison
942 ## - ADDED ENTRY ELEMENTS (KOHA)
Source of classification or shelving scheme Dewey Decimal Classification
Koha item type BOOK
Holdings
Withdrawn status Lost status Source of classification or shelving scheme Damaged status Not for loan Home library Current library Shelving location Date acquired Total Checkouts Full call number Barcode Date last seen Date last checked out Price effective from Koha item type
    Dewey Decimal Classification     Good Samaritan School Library Good Samaritan School Library FICTION 07/05/2016 1 823 MAT1384 07/31/2024 07/30/2024 07/05/2016 BOOK

Powered by Koha